Flaggen nach Buchstaben - V - Statistiken

Allgemein
  • Dieses Quiz wurde 53 mal gespielt
  • Das Durchschnittsergebnis liegt bei 7 aus 7
Antwortstatistiken
Bildquiz Antwort % Korrekt
Vatikanstadt
100%
Venezuela
100%
Vereinigtes Königreich
100%
Vereinigte Staaten
100%
Vietnam
100%
Vereinigte Arabische Emirate
91%
Vanuatu
89%
Keine übereinstimmenden Quizze gefunden
Verteilung der Resultate
Anzahl Personen mit jedem Resultat
Perzentil nach korrekt beantworteten Fragen
Ihre Resultats-Entwicklung
Sie haben dieses Quiz noch nicht gespielt